|
|
|
|
| LEADER |
00000nab a2200000 a 4500 |
| 001 |
vtls010357207 |
| 003 |
SK-MaSNL |
| 005 |
20260304155950.0 |
| 008 |
250507c20112012xo mr|p|||an |000 b|slo |
| 015 |
|
|
|a SNBRB2012/05
|
| 035 |
|
|
|a (uuid)f7ae86cc-5bcf-4a2e-b883-9a48731f6863
|
| 035 |
|
|
|a urn:nbn:sk:snk-ab2h56
|
| 035 |
|
|
|a (urnnbn)urn:nbn:sk:snk:ar-a02f11
|
| 038 |
|
|
|a SPK
|
| 040 |
|
|
|a SNKBUCL
|b slo
|c SNKBUCL
|e AACR2
|
| 041 |
0 |
|
|a slo
|b slo
|
| 044 |
|
|
|a xo
|c SK
|
| 072 |
|
7 |
|a 373.2/.3
|x Predškolská a primárna výchova a vzdelávanie
|2 konspekt
|
| 072 |
|
7 |
|a 78
|x Hudba
|2 konspekt
|
| 072 |
|
7 |
|a 811.1/.8
|x Rôzne jazyky
|2 konspekt
|
| 080 |
|
|
|a 373.3
|2 2001
|
| 080 |
|
|
|a 78
|2 2001
|
| 080 |
|
|
|a 811.1/.9
|2 2001
|
| 100 |
1 |
|
|a Demčáková, Ľubica
|4 aut
|9 565473
|
| 245 |
1 |
0 |
|a Význam hudby pre osvojovanie si cudzieho jazyka v podmienkach primárneho vzdelávania
|c Ľubica Demčáková
|
| 504 |
|
|
|a Bibliogr. odkazy
|
| 546 |
|
|
|a Res. slov.
|
| 650 |
0 |
7 |
|a primárne vzdelávanie
|2 snkbucl
|9 182208
|
| 650 |
0 |
7 |
|a hudba
|2 snkbucl
|9 1063
|
| 650 |
0 |
7 |
|a cudzie jazyky
|2 snkbucl
|9 69722
|
| 773 |
0 |
|
|t Naša škola
|g Roč. 15., č. 8(2011/2012), s. 42-45
|
| 850 |
|
|
|a Slovenská národná knižnica
|
| 852 |
|
|
|a Slovenská národná knižnica
|
| 954 |
|
|
|a odborná, vedecká literatúra pôvodná (slovenská)
|2 lita
|
| 958 |
|
|
|a article27
|
| 958 |
|
|
|a NB
|2 spk
|
| 958 |
|
|
|a OND
|
| 958 |
|
|
|a EUIPO
|
| 999 |
|
|
|c 2964862
|d 2966792
|